[Event "VIE-ch U20"]
[Site "Ho Chi Minh City"]
[Date "2022.07.13"]
[Round "4"]
[White "Ngo, Duc Tri"]
[Black "Huynh, Quoc An"]
[Result "1-0"]
[WhiteElo "2242"]
[BlackElo "2245"]
[PlyCount "109"]
[EventDate "2022.07.11"]
[EventType "swiss"]
[EventRounds "9"]
[EventCountry "VIE"]
[SourceTitle "EXT 2023"]
[Source "ChessBase"]
[SourceDate "2022.10.05"]
[SourceVersion "1"]
[SourceVersionDate "2022.10.05"]
[SourceQuality "1"]

1. c4 e5 2. Nc3 Nc6 3. g3 g6 4. Bg2 Nge7 5. e3 Bg7 6. Nge2 d6 7. 0-0 0-0 8. d3 Be6 9. Nd5 Rb8 10. Bd2 Qd7 11. Qa4 a6 12. Rac1 Kh8 13. Qc2 f5 14. b4 Nd8 15. Bc3 c6 16. Nxe7 Qxe7 17. Rce1 Nf7 18. f4 Rfd8 19. Qb2 Qc7 20. Rc1 Qb6 21. Qd2 d5 22. c5 Qc7 23. Qb2 Rg8 24. Rce1 Rbd8 25. Kh1 Bc8 26. a4 Nh6 27. h3 exf4 28. exf4 Rge8 29. Nd4 Qf7 30. b5 axb5 31. axb5 Bd7 32. b6 Ng8 33. Nf3 Bxc3 34. Qxc3+ Qg7 35. Ne5 Nf6 36. Re2 Kg8 37. Rfe1 Bc8 38. Kh2 Nh5 39. Bf3 Nf6 40. Qd4 h6 41. h4 g5 42. fxg5 hxg5 43. hxg5 Qxg5 44. Kg2 Ne4 45. dxe4 dxe4 46. Qc3 Qf6 47. Bxe4 Rxe5 48. Bd5+ Rdxd5 49. Rxe5 Be6 50. Qe3 Bf7 51. Rxd5 Bxd5+ 52. Kf2 Be4 53. Rd1 Qe7 54. Rd6 Qg7 55. Qd4 1-0

[Event "VIE-ch U20"]
[Site "Ho Chi Minh City"]
[Date "2022.07.12"]
[Round "2"]
[White "Ngo, Duc Tri"]
[Black "Bui, Duc Huy"]
[Result "1/2-1/2"]
[WhiteElo "2242"]
[BlackElo "2257"]
[PlyCount "30"]
[EventDate "2022.07.11"]
[EventType "swiss"]
[EventRounds "9"]
[EventCountry "VIE"]
[SourceTitle "EXT 2023"]
[Source "ChessBase"]
[SourceDate "2022.10.05"]
[SourceVersion "1"]
[SourceVersionDate "2022.10.05"]
[SourceQuality "1"]

1. Nf3 Nf6 2. c4 e6 3. g3 b6 4. d4 Bb7 5. Bg2 Be7 6. Nc3 0-0 7. 0-0 d5 8. Ne5 Nbd7 9. Qa4 c6 10. Rd1 Nxe5 11. dxe5 Nd7 12. e4 dxc4 13. Be3 Qc7 14. f4 b5 15. Qc2 Bc5 1/2-1/2